[Event "Tourn. n9018"]
[Site "www.chess-mail.com"]
[Date "2017.01.04"]
[Round "1"]
[White "Rons"]
[Black "Sachpat"]
[WhiteElo "2520"]
[BlackElo "2480"]
[Result "0-1"]
[Round "1"]
1.e4 e5
2.Ng1f3 Nb8c6
3.Bf1b5 a6
4.Bb5a4 Ng8f6
5.O-O Bf8e7
6.Rf1e1 b5
7.Ba4b3 O-O
8.c3 d6
9.h3 Nc6a5
10.Bb3c2 c5
11.d4 Qd8c7
12.Nb1d2 cxd4
13.cxd4 Na5c6
14.Nd2b3 a5
15.Bc1e3 a4
16.Nb3d2 Bc8d7
17.Ra1c1 Qc7b7
18.Qd1e2 Rf8e8
19.Bc2d3 Ra8b8
20.dxe5 Nc6xe5
21.Nf3xe5 dxe5
22.Nd2f3 Be7b4
23.Re1d1 Bd7c6
24.Be3c5 Bb4xc5
25.Rc1xc5 Nf6d7
26.Rc5c3 Nd7f6
27.Rd1e1 b4
28.Rc3c5 Nf6d7
29.Rc5c4 Re8e6
30.Re1c1 h6
31.Nf3h4 Nd7b6
32.Rc4c5 Nb6d7
33.Rc5c2 g6
34.Qe2e3 Kg7
35.Qe3g3 Kf8
36.Rc2c4 Rb8d8
37.a3 b3
38.Rc4b4 Qb7a8
39.Kh2 Rd8e8
40.Bd3c4 Re6f6
41.Qg3e3 Kg7
42.Bc4d3 Re8b8
43.Rb4c4 Rf6d6
44.Qe3g3 Kh7
45.Rc1c3 Rb8e8
46.Qg3e3 Kg7
47.Nh4f3 Re8b8
48.h4 Rb8e8
49.Qe3c1 Re8e6
50.Kg1 Nd7b6
51.Rc4b4 Nb6d7
52.h5 g5
53.Qc1e3 Nd7f6
54.g3 Nf6g4
55.Qe3e2 Re6f6
56.Nf3xg5 Ng4xf2
57.Ng5f3 Rd6xd3
58.Rc3xd3 Nf2xd3
59.Qe2xd3 Qa8a7
60.Kg2 Bc6d7
61.Qd3d2 Rf6c6
62.Nf3e1 Qa7a6
63.Kh2 Bd7g4
64.Kg1 Rc6f6
{ resign }
0-1

[Event "Tourn. n9096"]
[Site "www.chess-mail.com"]
[Date "2017.01.04"]
[Round "1"]
[White "Caspito"]
[Black "Lachouette"]
[WhiteElo "1850"]
[BlackElo "1670"]
[Result "1-0"]
[Round "1"]
1.e4 e5
2.Ng1f3 d6
3.Bf1c4 Bc8e6
4.Bc4xe6 fxe6
5.O-O Nb8c6
6.d4 Ng8f6
7.dxe5 dxe5
8.Bc1g5 Bf8e7
9.Nb1c3 Qd8xd1
10.Ra1xd1 O-O
11.Bg5xf6 gxf6
12.Rd1d7 Ra8d8
13.Rd7xc7 Be7d6
14.Rc7xb7 a5
15.b3 Nc6b4
16.Nf3e1 Rd8b8
17.Rb7xb8 Rf8xb8
18.a4 Kf7
19.Nc3b5 Bd6c5
20.c3 Nb4c6
21.Ne1d3 Bc5b6
22.g3 Rb8g8
23.Kg2 f5
24.f3 f4
25.g4 Nc6a7
26.h4 h5
27.g5 Na7xb5
28.axb5 Rg8d8
29.Nd3xe5 Kg7
30.c4 Rd8d2
31.Kh1 Bb6f2
32.Ne5c6 Bf2xh4
33.b6 Bh4xg5
34.b7 Bg5d8
35.b8Q Kg6
36.Rf1g1 Bd8g5
37.Qb8xf4 Rd2d3
38.Nc6e5 Kh6
39.Qf4xg5 { resign }
1-0

[Event "Tourn. n9167"]
[Site "www.chess-mail.com"]
[Date "2017.01.04"]
[Round "1"]
[White "Hippomoomoo"]
[Black "Bojan"]
[WhiteElo "2270"]
[BlackElo "2080"]
[Result "1-0"]
[Round "1"]
1.e4 e5
2.Ng1f3 Nb8c6
3.Bf1b5 Qd8f6
4.Nb1c3 Ng8e7
5.d3 a6
6.Bb5xc6 bxc6
7.O-O d5
8.exd5 cxd5
9.Qd1e1 d4
10.Nc3e4 Qf6c6
11.Nf3xe5 Qc6b6
12.Qe1e2 Bc8e6
13.Ne4g5 Be6d5
14.Ng5xf7 Bd5xf7
15.Ne5xf7 Kxf7
16.Qe2f3 Qb6f6
17.Qf3xa8 g6
18.Rf1e1 Bf8h6
19.Re1xe7 Qf6xe7
20.Qa8d5 Ke8
21.Bc1xh6 { resign }
1-0

[Event "Tourn. n9114"]
[Site "www.chess-mail.com"]
[Date "2017.01.04"]
[Round "1"]
[White "Lachouette"]
[Black "Autmich"]
[WhiteElo "1690"]
[BlackElo "1649"]
[Result "0-1"]
[Round "1"]
1.e4 c5
2.Bf1c4 e6
3.d3 Nb8c6
4.Nb1c3 Ng8f6
5.Bc1g5 Bf8e7
6.Qd1d2 O-O
7.O-O-O a6
8.Bc4b3 b5
9.a3 b4
10.axb4 cxb4
11.Nc3b1 a5
12.c4 a4
13.Bb3a2 b3
14.Ba2xb3 axb3
15.Qd2c3 Qd8b6
16.Ng1f3 Nc6b4
17.Qc3xb3 Bc8b7
18.Nb1c3 Nb4xd3
19.Rd1xd3 Qb6xb3
20.Nf3d2 Ra8a1
21.Nd2b1 Bb7xe4
22.Rd3d2 Qb3xc4
23.Rh1d1 Ra1xb1
{ resign }
0-1

[Event "Tourn. n9130"]
[Site "www.chess-mail.com"]
[Date "2017.01.04"]
[Round "1"]
[White "Madz123456"]
[Black "Autmich"]
[WhiteElo "1620"]
[BlackElo "1549"]
[Result "1-0"]
[Round "1"]
1.e4 c5
2.d4 cxd4
3.c3 d6
4.cxd4 g6
5.Nb1c3 Bf8g7
6.Bc1e3 Nb8c6
7.d5 Nc6e5
8.Be3d4 Ng8f6
9.f4 Ne5d7
10.Ra1c1 O-O
11.Ng1f3 e6
12.dxe6 fxe6
13.Bf1c4 { resign }
1-0

[Event "Tourn. n9119"]
[Site "www.chess-mail.com"]
[Date "2017.01.04"]
[Round "1"]
[White "Genius3"]
[Black "Caspito"]
[WhiteElo "1860"]
[BlackElo "1880"]
[Result "0-1"]
[Round "1"]
1.Ng1f3 Nb8c6
2.e4 e5
3.Bf1b5 Nc6d4
4.Nf3xd4 exd4
5.O-O a6
6.Bb5c4 b5
7.Bc4b3 Bc8b7
8.d3 Qd8f6
9.a4 b4
10.Nb1d2 Ng8h6
11.Nd2f3 d6
12.Bc1g5 Qf6g6
13.Bg5xh6 gxh6
14.Nf3xd4 Bf8g7
15.c3 c5
16.Nd4f5 Bg7e5
17.d4 Bb7xe4
18.dxe5 Qg6xg2
{ resign }
0-1

[Event "Tourn. n9086"]
[Site "www.chess-mail.com"]
[Date "2017.01.04"]
[Round "1"]
[White "Darko10"]
[Black "Conde7"]
[WhiteElo "2640"]
[BlackElo "2890"]
[Result "1/2-1/2"]
[Round "1"]
1.d4 d5
2.c4 dxc4
3.e3 Ng8f6
4.Bf1xc4 e6
5.Ng1f3 c5
6.O-O a6
7.Bc4b3 b5
8.a4 b4
9.Nb1d2 Bc8b7
10.e4 Bf8e7
11.e5 Nf6d7
12.Nd2c4 O-O
13.Bc1e3 Bb7d5
14.dxc5 Nd7xc5
15.Be3xc5 Be7xc5
16.Nc4d6 Bd5xf3
17.Qd1xf3 Nb8d7
18.Qf3c6 Bc5xd6
19.Qc6xd6 Ra8c8
20.Qd6xa6 Nd7c5
21.Qa6c4 Nc5xa4
22.Qc4e2 Na4c5
23.Rf1d1 Qd8c7
24.Ra1c1 Rf8d8
{ draw }
1/2-1/2

[Event "Tourn. n8987"]
[Site "www.chess-mail.com"]
[Date "2017.01.04"]
[Round "1"]
[White "Autmich"]
[Black "Lachouette"]
[WhiteElo "999"]
[BlackElo "1579"]
[Result "1-0"]
[Round "1"]
1.e4 Nb8c6
2.Ng1f3 e5
3.Bf1c4 d6
4.d4 Nc6xd4
5.Nf3xd4 exd4
6.Qd1xd4 c5
7.Qd4d1 Ng8f6
8.O-O b6
9.Rf1e1 Bf8e7
10.Nb1c3 O-O
11.Bc1f4 Bc8b7
12.Qd1d2 Nf6h5
13.Bf4e3 g6
14.Nc3d5 Bb7xd5
15.Bc4xd5 Kg7
16.Be3h6 Kh8
17.Bh6xf8 Qd8xf8
18.Bd5xa8 Qf8xa8
19.e5 f5
20.exd6 Be7f6
21.d7 Nh5g7
22.Qd2d6 Qa8d8
23.Re1e2 h5
24.Ra1e1 Kh7
25.Re2e8 Ng7xe8
26.Re1xe8 Bf6e7
27.Qd6xe7 Qd8xe7
28.Re8xe7 Kh6
29.h4 g5
30.Re7e6 Kg7
31.d8Q gxh4
32.Qd8d7 Kf8
33.Re6e8 { resign }
1-0

[Event "Tourn. n9128"]
[Site "www.chess-mail.com"]
[Date "2017.01.04"]
[Round "1"]
[White "Winston"]
[Black "Autmich"]
[WhiteElo "1480"]
[BlackElo "1599"]
[Result "1-0"]
[Round "1"]
1.e4 c5
2.Ng1f3 d6
3.d4 cxd4
4.Nf3xd4 Ng8f6
5.Nb1c3 Nb8c6
6.Bc1g5 e5
7.Bg5xf6 Qd8xf6
8.Nc3d5 Qf6d8
9.Nd4b5 Qd8a5
10.c3 Ra8b8
11.Nb5c7 Kd7
12.a3 Nc6e7
13.b4 { resign }
1-0

[Event "Tourn. n9134"]
[Site "www.chess-mail.com"]
[Date "2017.01.04"]
[Round "1"]
[White "Autmich"]
[Black "Winston"]
[WhiteElo "1599"]
[BlackElo "1480"]
[Result "1-0"]
[Round "1"]
1.e4 e6
2.d4 d5
3.Nb1c3 Bf8b4
4.e5 Nb8a6
5.Qd1g4 g6
6.Bc1g5 Ng8e7
7.Bg5f6 h5
8.Qg4g5 Rh8g8
9.Ng1e2 c5
10.O-O-O Qd8a5
11.Bf6xe7 cxd4
12.Be7xb4 Qa5xb4
13.Ne2xd4 Na6c5
14.a3 Qb4b6
15.Bf1b5 Bc8d7
16.Bb5xd7 Nc5xd7
17.Nc3b5 { resign }
1-0

[Event "Tourn. n9081"]
[Site "www.chess-mail.com"]
[Date "2017.01.04"]
[Round "1"]
[White "Falcoale"]
[Black "Genius3"]
[WhiteElo "1900"]
[BlackElo "1840"]
[Result "1-0"]
[Round "1"]
1.e4 d5
2.exd5 Qd8xd5
3.Nb1c3 Qd5d6
4.d4 Ng8f6
5.Bf1e2 c6
6.Ng1f3 g6
7.O-O Bf8g7
8.Be2d3 O-O
9.Nc3e4 Nf6xe4
10.Bd3xe4 Nb8d7
11.c3 Nd7f6
12.Be4c2 Bc8g4
13.h3 Bg4xf3
14.Qd1xf3 e5
15.dxe5 Qd6xe5
16.Bc1f4 Qe5d5
17.Qf3g3 Nf6h5
18.Qg3h2 Nh5xf4
19.Qh2xf4 Rf8e8
20.Bc2b3 Qd5e5
21.Qf4xf7 Kh8
22.Qf7xb7 Ra8d8
23.Qb7xc6 Rd8d6
24.Qc6b7 { resign }
1-0

[Event "Tourn. n9112"]
[Site "www.chess-mail.com"]
[Date "2017.01.04"]
[Round "1"]
[White "Mrmoto"]
[Black "Cal"]
[WhiteElo "1670"]
[BlackElo "1510"]
[Result "0-1"]
[Round "1"]
1.e4 e5
2.Ng1f3 d6
3.Bf1c4 Ng8f6
4.Nb1c3 Bc8d7
5.d4 exd4
6.Qd1xd4 Nb8c6
7.Qd4d1 h6
8.h3 a6
9.a3 Bf8e7
10.Bc4a2 O-O
11.O-O b5
12.b4 Bd7e6
13.Ba2xe6 fxe6
14.Bc1b2 e5
15.Nc3e2 Nf6xe4
16.Qd1d5 Kh8
17.Qd5xe4 Qd8d7
18.Ra1d1 Rf8f6
19.Nf3xe5 Nc6xe5
20.Qe4xa8 Be7d8
21.Bb2xe5 Rf6e6
22.f4 Kh7
23.Ne2d4 Re6g6
24.Qa8c6 Qd7xh3
25.Rd1d3 Qh3h5
26.Nd4f3 dxe5
27.Qc6e8 Rg6xg2
{ resign }
0-1

[Event "Tourn. n8959"]
[Site "www.chess-mail.com"]
[Date "2017.01.04"]
[Round "1"]
[White "Squimichele"]
[Black "Paaliaq"]
[WhiteElo "2600"]
[BlackElo "2600"]
[Result "1/2-1/2"]
[Round "1"]
1.d4 Ng8f6
2.Ng1f3 e6
3.Bc1g5 c5
4.e3 Qd8b6
5.Qd1c1 Nb8c6
6.c3 d5
7.Nb1d2 Bc8d7
8.Bf1d3 Ra8c8
9.Qc1b1 h6
10.Bg5h4 cxd4
11.exd4 Nf6h5
12.O-O g5
13.Bh4g3 Nh5xg3
14.hxg3 g4
15.Nf3h4 h5
16.Rf1e1 a5
17.a4 Bf8e7
18.Nd2f1 Kf8
19.Nf1e3 Nc6d8
20.Re1f1 Qb6d6
21.Bd3b5 Nd8c6
22.Qb1d1 Rh8h7
23.Rf1e1 b6
24.Bb5a6 Rc8e8
25.Qd1b3 Rh7h6
26.Ba6b5 Be7g5
27.Ne3c2 Re8b8
28.Re1e2 Kg7
29.Nc2e1 Nc6a7
30.Bb5xd7 Qd6xd7
31.Ne1d3 Na7c8
32.Nd3e5 Qd7c7
33.c4 Nc8e7
34.cxd5 Ne7xd5
35.Re2c2 Qc7b7
36.Ne5c6 Rb8c8
37.Nc6xa5 Qb7d7
38.Rc2xc8 Qd7xc8
39.Na5c4 Qc8d8
40.Ra1e1 Bg5xh4
41.gxh4 Qd8xh4
42.Qb3g3 Qh4xg3
43.fxg3 Rh6h8
44.b3 Rh8b8
45.Nc4d6 Rb8d8
46.Nd6c4 Rd8c8
47.Kf2 Rc8c6
48.Ke2 Kh6
49.Kd2 Kg5
50.Nc4e3 Nd5b4
51.Re1f1 f5
52.Rf1h1 Rc6c8
53.Ne3c4 Rc8c7
54.Nc4e3 Rc7c6
55.Rh1h2 b5
56.axb5 Rc6b6
57.Kc3 Rb6xb5
58.Rh2h1 Rb5b8
59.Rh1e1 h4
60.gxh4 Kxh4
61.Kc4 f4
62.Ne3f1 Rb8b6
63.Re1e2 Nb4d5
64.Kc5 Rb6a6
65.b4 Nd5c3
66.Re2e1 g3
{ draw }
1/2-1/2

[Event "Match"]
[Site "www.echecsemail.com"]
[Date "2017.01.04"]
[Round "1"]
[White "Jobeye"]
[Black "Godrad"]
[WhiteElo "2379"]
[BlackElo "2160"]
[Result "1-0"]
[Round "1"]
1.Ng1f3 Ng8f6
2.c4 g6
3.Nb1c3 d5
4.b4 d4
5.Qd1a4 Bc8d7
6.Nc3b5 Nb8c6
7.a3 a6
8.Bc1b2 axb5
9.Qa4xb5 Nc6a5
10.Qb5c5 Na5b3
11.Qc5g5 Nb3xa1
12.Bb2xa1 Ra8xa3
13.Ba1xd4 Ra3b3
14.e3 Rb3b1
15.Ke2 Bd7e6
{ time. }
1-0

[Event "Match"]
[Site "www.echecsemail.com"]
[Date "2017.01.04"]
[Round "1"]
[White "Whitekknight"]
[Black "Winston"]
[WhiteElo "1900"]
[BlackElo "1480"]
[Result "1-0"]
[Round "1"]
1.e4 e6
2.d4 d5
3.exd5 exd5
4.Nb1c3 Nb8c6
5.Bf1b5 Qd8d7
6.Qd1e2 Bf8e7
7.Ng1f3 Ng8f6
8.Bc1g5 Qd7d6
9.O-O Bc8d7
10.Rf1e1 O-O
11.Bb5xc6 Bd7xc6
12.Qe2xe7 Qd6xe7
13.Re1xe7 Rf8e8
14.Re7xe8 Ra8xe8
15.Bg5xf6 gxf6
16.Kf1 { resign }
1-0

[Event "Match"]
[Site "www.echecsemail.com"]
[Date "2017.01.04"]
[Round "1"]
[White "Jobeye"]
[Black "Wwgia"]
[WhiteElo "2010"]
[BlackElo "1980"]
[Result "1-0"]
[Round "1"]
1.b3 d5
2.e3 e5
3.Bc1b2 Nb8c6
4.Nb1c3 Ng8f6
5.h3 Bf8c5
6.Nc3a4 Bc5d6
7.g3 O-O
8.Ng1f3 e4
9.Nf3d4  { time }
1-0

[Event "Match"]
[Site "www.echecsemail.com"]
[Date "2017.01.04"]
[Round "1"]
[White "Paco"]
[Black "Forest"]
[WhiteElo "1890"]
[BlackElo "1760"]
[Result "0-1"]
[Round "1"]
1.e4 e5
2.Ng1f3 Nb8c6
3.Bf1c4 Ng8f6
4.Nf3g5 Bf8c5
5.Ng5xf7 Bc5xf2
6.Kxf2 Nf6xe4
7.Kg1 Qd8h4
8.Nf7xh8 Qh4f2
{ resign }
0-1

[Event "Match"]
[Site "www.echecsemail.com"]
[Date "2017.01.04"]
[Round "1"]
[White "Yoj"]
[Black "Fangshuo"]
[WhiteElo "1809"]
[BlackElo "2100"]
[Result "1-0"]
[Round "1"]
1.g3 e5
2.d4 exd4
3.Qd1xd4 Nb8c6
4.Qd4e4 Bf8e7
5.b3 Ng8f6
6.Qe4g2 d5
7.Ng1f3 Bc8g4
8.Bc1f4 Bg4xf3
9.Qg2xf3 Nc6d4
10.Qf3d3 c5
11.c3 Nd4c6
12.Bf1g2 O-O
13.O-O Rf8e8
14.Qd3b5 Qd8d7
15.Nb1d2 b6
16.c4 Nc6d4
17.Qb5xd7 Nf6xd7
18.cxd5 Nd4xe2
19.Kh1 Ne2xf4
20.gxf4 Be7d6
21.Nd2e4 Bd6xf4
22.d6 Re8e6
23.Ne4xc5 Nd7xc5
24.Bg2xa8 Bf4xd6
25.Ba8d5 Re6e2
26.Ra1d1 Re2xa2
27.b4 { resign }
1-0

[Event "Match"]
[Site "www.echecsemail.com"]
[Date "2017.01.04"]
[Round "1"]
[White "Balbyns"]
[Black "Yoj"]
[WhiteElo "1199"]
[BlackElo "1749"]
[Result "1-0"]
[Round "1"]
1.d4 Nb8a6
2.e4 b6
3.Ng1f3 e6
4.a3 d5
5.Nb1c3 dxe4
6.Nc3xe4 Bc8b7
7.Bf1d3 Ng8f6
8.Ne4xf6 Qd8xf6
9.Bc1g5 Bb7xf3
10.Bd3b5 { resign }
1-0

[Event "Match"]
[Site "www.echecsemail.com"]
[Date "2017.01.04"]
[Round "1"]
[White "Sonny1000"]
[Black "Cal"]
[WhiteElo "1300"]
[BlackElo "1510"]
[Result "0-1"]
[Round "1"]
1.e4 c5
2.Nb1c3 a6
3.Nc3d5 e6
4.Nd5f4 g5
5.Nf4d3 Nb8c6
6.Qd1f3 Ng8f6
7.a3 d6
8.h3 b5
9.a4 b4
10.b3 Bf8g7
11.Nd3b2 Nc6d4
12.Qf3g3 h6
13.a5 Nd4xc2
14.Kd1 Nc2xa1
15.Ng1f3 Nf6xe4
16.Qg3g4 d5
17.Nb2d3 e5
18.Qg4xe4 dxe4
19.Nf3xe5 Bc8e6
20.Nd3xc5 Be6xb3
21.Ke2 Bg7xe5
22.h4 Bb3c4
23.Kd1 Bc4xf1
24.Rh1xf1 Qd8xa5
25.Nc5b7 Qa5a4
26.Ke2 Qa4b5
27.Ke1 Qb5xb7
28.h5 O-O
29.Kd1 Qb7c6
30.g4 Qc6c2
31.Ke2 Qc2d3
32.Ke1 Na1c2
33.Kd1 Ra8c8
34.f4 Nc2e3
{ resign }
0-1

[Event "1/64 Finale"]
[Site "www.chess-mail.com"]
[Date "2017.01.04"]
[Round "1"]
[White "Attatroll"]
[Black "Papaours"]
[WhiteElo "1940"]
[BlackElo "2350"]
[Result "0-1"]
[Round "1"]
1.e4 c5
2.Ng1f3 Nb8c6
3.d4 cxd4
4.Nf3xd4 e5
5.Nd4f3 Ng8f6
6.Nb1c3 Bf8b4
7.Bc1d2 Bb4xc3
8.Bd2xc3 Nf6xe4
9.Qd1d3 Ne4xc3
10.Qd3xc3 Qd8e7
11.O-O-O O-O
12.Bf1b5 f6
13.Rh1e1 Kh8
14.Nf3h4 g6
15.Bb5d3 Kg7
16.Re1e3 d6
17.Re3g3 f5
18.Nh4f3 Rf8f6
19.Nf3h4 Bc8e6
20.Rg3g5 Nc6d4
21.Kb1 b5
22.g4 fxg4
23.f4 gxf3
24.Rd1g1 f2
25.Rg1f1 a5
26.b3 b4
27.Qc3d2 Qe7f7
28.Bd3e4 Ra8c8
29.Rg5g2 Be6h3
30.Rg2xf2 Bh3xf1
{ resign }
0-1

[Event "Fast Game"]
[Site "www.echecsemail.com"]
[Date "2017.01.04"]
[Round "1"]
[White "Jobeye"]
[Black "Beatrics"]
[WhiteElo "1729"]
[BlackElo "1599"]
[Result "1-0"]
[Round "1"]
1.e4 c5
2.Bf1c4 e6
3.b3 Nb8c6
4.Bc1b2 a6
5.Qd1g4 Ng8f6
6.Bb2xf6 Qd8xf6
7.c3 Nc6e5
8.Qg4e2 Ne5xc4
9.Qe2xc4 b5
10.Qc4e2 Bc8b7
11.Ng1f3 Bf8e7
12.O-O d6
13.a4 O-O
14.d3 d5
15.Nb1d2 Qf6xc3
16.exd5 Bb7xd5
17.axb5 axb5
18.Ra1xa8 Rf8xa8
19.Qe2e5 Qc3xd3
20.Qe5c7 Be7f8
21.Qc7xf7 Kxf7
22.Nf3e5 Kf6
23.Ne5xd3 Ra8a2
24.Rf1d1 c4
25.bxc4 bxc4
26.Nd3f4 Bf8d6
27.Nf4xd5 exd5
28.g3 g5
29.Nd2f3 Bd6c5
30.Rd1xd5 Bc5xf2
31.Kg2 c3
32.Rd5d6 Ke7
33.Rd6c6 c2
{ time. }
1-0

[Event "Tourn. n9167"]
[Site "www.chess-mail.com"]
[Date "2017.01.05"]
[Round "1"]
[White "Norlavuaram"]
[Black "Hippomoomoo"]
[WhiteElo "2100"]
[BlackElo "2270"]
[Result "0-1"]
[Round "1"]
1.e4 c5
2.Ng1f3 d6
3.d4 Ng8f6
4.Nb1c3 cxd4
5.Nf3xd4 Bc8d7
6.Bf1c4 e6
7.Bc1e3 a6
8.a3 Bf8e7
9.Qd1e2 b5
10.Bc4a2 Nb8c6
11.O-O-O O-O
12.g4 Nc6xd4
13.Rd1xd4 Nf6xg4
14.Rh1g1 Ng4xe3
15.Qe2xe3 Be7f6
16.Rd4d3 a5
17.Qe3h6 Kh8
18.Qh6h5 g6
19.Qh5d1 Bf6g5
20.Kb1 Bg5e7
21.e5 d5
22.Rd3h3 b4
23.Qd1d2 Rf8g8
24.Qd2h6 Rg8g7
25.Nc3e2 bxa3
26.bxa3 Qd8b6
27.Ka1 Qb6xf2
28.Qh6d2 Qf2f5
29.Rh3e3 Be7g5
30.Ne2g3 Qf5xe5
31.Re3xe5 Bg5xd2
32.h4 Bd2c3
{ resign }
0-1

[Event "Tourn. n9044"]
[Site "www.chess-mail.com"]
[Date "2017.01.05"]
[Round "1"]
[White "Mao"]
[Black "Cal"]
[WhiteElo "1870"]
[BlackElo "1720"]
[Result "1-0"]
[Round "1"]
1.e4 e5
2.Ng1f3 d6
3.d4 exd4
4.Nf3xd4 h6
5.Nb1c3 Ng8f6
6.Bf1e2 Bc8e6
7.O-O a6
8.Be2f3 c5
9.Nd4xe6 fxe6
10.e5 dxe5
11.Qd1xd8 Kxd8
12.Bf3xb7 Ra8a7
13.Bb7f3 Nb8d7
14.Rf1e1 Bf8d6
15.Bc1e3 Ke7
16.Ra1d1 g5
17.Bf3c6 Nd7b6
18.b4 Nb6c4
19.bxc5 Bd6c7
20.Be3c1 a5
21.Nc3b5 Ra7a6
22.Nb5xc7 Ra6xc6
23.Nc7b5 Rc6xc5
24.Nb5a3 Nc4d6
25.Bc1e3 Rc5c3
26.Rd1d3 Rc3c6
27.Be3d2 e4
28.Rd3c3 Rc6xc3
29.Bd2xc3 Rh8c8
30.Bc3xa5 Nd6f5
31.Ba5b4 Kf7
32.c3 Nf6d7
33.Re1xe4 Kf6
34.Na3c4 Nf5h4
35.Nc4d6 Rc8c6
36.a4 e5
37.a5 Nh4g6
38.Re4c4 Rc6xc4
39.Nd6xc4 Ng6f4
40.a6 Nf4d5
41.a7 Nd5c7
42.Bb4d6 Nc7a8
43.Nc4e3 Ke6
44.Bd6c7 Na8xc7
45.Kf1 Nd7c5
46.Ne3c4 Nc7a8
47.Ke2 Kd5
48.Nc4a5 Nc5a4
49.Kd3 e4
50.Kc2 Na8b6
51.c4 Kc5
52.Kb3 h5
53.h3 h4
54.Na5b7 Kc6
55.Nb7d8 Kc7
56.Nd8e6 Kb7
57.Ne6xg5 Na4c5
58.Kb4 Nc5d3
59.Kb5 Kxa7
60.Ng5xe4 Nb6d7
61.g3 hxg3
62.fxg3 Nd3e5
63.h4 Ne5f3
64.c5 Nf3d4
65.Kc4 Nd4c6
66.h5 Nc6e5
67.Kd5 Ne5c6
68.Kxc6 Nd7e5
69.Kc7 Ka6
70.h6 Kb5
71.h7 Ne5g6
72.c6 Ng6h8
73.Kb7 Nh8f7
74.c7 Nf7d6
75.Ne4xd6 Kc5
76.c8Q Kxd6
77.Qc8f5 { resign }
1-0

[Event "Tourn. n9137"]
[Site "www.chess-mail.com"]
[Date "2017.01.05"]
[Round "1"]
[White "Attatroll"]
[Black "Jobeye"]
[WhiteElo "1920"]
[BlackElo "1980"]
[Result "1-0"]
[Round "1"]
1.e4 g6
2.d4 c5
3.Ng1f3 Bf8g7
4.c3 cxd4
5.cxd4 e6
6.Bf1d3 Nb8c6
7.Bc1e3 d6
8.O-O d5
9.Nb1c3 Ng8e7
10.a3 Bc8d7
11.e5 Ra8b8
12.Nc3b5 O-O
13.Nb5d6 Ne7f5
14.Bd3xf5 exf5
15.Qd1d2 f6
16.Be3h6 Bg7xh6
17.Qd2xh6 g5
18.h4 g4
19.Nf3h2 fxe5
20.dxe5 Nc6xe5
21.Rf1e1 Ne5d3
22.Re1e3 Rf8f6
23.Qh6g5 Kf8
24.Nd6xf5 Bd7xf5
25.Nh2xg4 Bf5xg4
26.Re3xd3 Bg4e6
27.Ra1e1 Qd8e7
28.Rd3xd5 Rb8e8
29.Rd5e5 Rf6g6
30.Qg5f4 Rg6f6
31.Qf4e4 Qe7f7
32.Qe4b4 Re8e7
33.Qb4d6 Rf6xf2
34.Re5xe6 Rf2xg2
35.Kxg2 Qf7g7
36.Kh1 Qg7f7
37.Re6f6 { resign }
1-0

[Event "Tourn. n9131"]
[Site "www.chess-mail.com"]
[Date "2017.01.05"]
[Round "1"]
[White "Luban"]
[Black "Cristiano"]
[WhiteElo "2060"]
[BlackElo "2160"]
[Result "0-1"]
[Round "1"]
1.d4 Ng8f6
2.c4 g6
3.Nb1c3 Bf8g7
4.Ng1f3 d5
5.e3 c6
6.Bf1d3 O-O
7.O-O Bc8g4
8.h3 Bg4xf3
9.Qd1xf3 e6
10.a3 Nb8d7
11.cxd5 Nf6xd5
12.e4 Nd5e7
13.Bc1e3 c5
14.dxc5 Nd7e5
15.Qf3e2 Qd8xd3
16.Qe2xd3 Ne5xd3
17.Ra1b1 Rf8d8
18.f4 Bg7xc3
19.bxc3 Rd8d7
20.Rf1d1 f5
21.e5 Ne7c6
22.Kf1 Nc6a5
23.Ke2 Ra8d8
24.g3 Na5c4
25.Be3d4 Nd3b2
26.Rd1c1 Rd8c8
27.Rc1c2 Nb2a4
28.Rc2a2 Na4xc5
{ resign }
0-1

[Event "Tourn. n9106"]
[Site "www.chess-mail.com"]
[Date "2017.01.05"]
[Round "1"]
[White "Genius3"]
[Black "Redabond"]
[WhiteElo "1840"]
[BlackElo "1680"]
[Result "1/2-1/2"]
[Round "1"]
1.Ng1f3 d5
2.g3 Bc8f5
3.Bf1g2 Nb8c6
4.c3 e6
5.d4 Bf8d6
6.O-O Ng8f6
7.Bc1g5 O-O
8.Bg5xf6 Qd8xf6
9.Nb1d2 e5
10.Nf3xe5 Bd6xe5
11.dxe5 Nc6xe5
12.Nd2f3 c6
13.Nf3xe5 Qf6xe5
14.e3 Bf5e4
15.Bg2xe4 Qe5xe4
16.Qd1d4 Qe4xd4
17.exd4 Rf8e8
18.Rf1e1 Re8xe1
19.Ra1xe1 Kf8
20.Re1e3 g6
21.Kg2 { draw }
1/2-1/2

[Event "Tourn. n9105"]
[Site "www.chess-mail.com"]
[Date "2017.01.05"]
[Round "1"]
[White "Falcoale"]
[Black "Jobeye"]
[WhiteElo "1930"]
[BlackElo "1809"]
[Result "0-1"]
[Round "1"]
1.e4 e6
2.d4 d5
3.e5 Nb8c6
4.Ng1f3 g6
5.Bc1g5 Bf8e7
6.Bg5xe7 Qd8xe7
7.Bf1e2 Qe7b4
8.c3 Qb4xb2
9.Nb1d2 Qb2xc3
10.O-O Nc6xd4
11.Ra1c1 Nd4xe2
12.Qd1xe2 Qc3a5
13.Nd2b3 Qa5b6
14.Rc1b1 Qb6c6
15.Rf1c1 Qc6d7
16.Rc1c3 b6
17.Rb1c1 c5
18.Qe2c2 Ng8e7
19.Qc2b2 O-O
20.Nf3g5 d4
21.Rc3f3 Bc8b7
22.Rf3g3 Ne7f5
23.Rg3h3 Qd7d5
24.f3 h5
25.Rc1e1 Nf5e3
26.Ng5e4 Qd5xe5
27.Nb3d2 Ra8c8
28.Nd2f1 Bb7xe4
29.Nf1xe3 Qe5g5
30.fxe4 dxe3
31.Re1xe3 Rc8d8
32.Qb2b1 Rd8d2
33.Re3g3 Qg5e5
34.Qb1e1 Rf8d8
35.Rg3e3 Rd2d1
36.Qe1xd1 Rd8xd1
{ resign }
0-1

[Event "Tourn. n9132"]
[Site "www.chess-mail.com"]
[Date "2017.01.05"]
[Round "1"]
[White "Madz123456"]
[Black "Llcervello"]
[WhiteElo "1720"]
[BlackElo "1690"]
[Result "1-0"]
[Round "1"]
1.e4 e5
2.Ng1f3 f6
3.Bf1c4 Ng8e7
4.Nb1c3 c6
5.d4 Ne7g6
6.dxe5 Ng6xe5
7.Nf3xe5 fxe5
8.Qd1h5 g6
9.Qh5xe5 Bf8e7
10.Qe5xh8 { resign }
1-0

[Event "Tourn. n9146"]
[Site "www.chess-mail.com"]
[Date "2017.01.05"]
[Round "1"]
[White "Bojan"]
[Black "Biggles"]
[WhiteElo "2040"]
[BlackElo "2150"]
[Result "1-0"]
[Round "1"]
1.e4 e6
2.d4 d5
3.Bf1d3 c5
4.Bc1e3 Qd8b6
5.b3 Nb8c6
6.dxc5 Bf8xc5
7.Be3xc5 Qb6xc5
8.exd5 Qc5xd5
9.Ng1f3 Bc8d7
10.Qd1d2 Ng8f6
11.c4 Qd5c5
12.h3 Nc6d4
13.Nf3g5 Bd7c6
14.O-O h6
15.b4 Qc5e7
16.b5 Bc6xg2
17.Kxg2 hxg5
18.Qd2xg5 O-O-O
19.Nb1d2 Rh8h5
20.Qg5e3 Qe7d6
21.Ra1d1 Nf6g4
22.Qe3g3 Qd6xg3
23.fxg3 Ng4e3
24.Kh2 Ne3xf1
25.Rd1xf1 f5
26.Bd3b1 g5
27.Kg2 Rd8h8
28.Rf1h1 e5
29.a4 g4
30.h4 f4
31.Rh1e1 f3
32.Kf2 Rh8d8
33.Nd2e4 Nd4b3
34.Bb1c2 Nb3d2
35.Ne4f6 Rh5h6
36.Nf6xg4 Rh6h8
37.Re1xe5 Nd2xc4
38.Re5c5 Kb8
39.Rc5xc4 Rh8f8
40.Ke3 Rd8e8
41.Bc2e4 Re8e7
42.Kf2 a6
43.Be4xf3 axb5
44.axb5 Ka7
45.Rc4b4 Kb6
46.Kg2 Kc5
47.Rb4b2 b6
48.Bf3c6 Re7e1
49.Ng4f2 Kd4
50.Rb2b3 Kc4
51.Rb3a3 Re1e2
52.Ra3f3 Rf8d8
53.Kh3 Rd8d2
54.Nf2e4 Rd2b2
55.Ne4d6 Kc5
56.Nd6f7 Rb2b4
57.h5 Re2e1
58.Rf3f5 Kd4
59.Rf5f4 Kc5
60.Rf4xb4 Kxb4
61.h6 Kc5
62.h7 Re1h1
63.Bc6xh1 { resign }
1-0

[Event "Tourn. n9120"]
[Site "www.chess-mail.com"]
[Date "2017.01.05"]
[Round "1"]
[White "Genius3"]
[Black "Autmich"]
[WhiteElo "1860"]
[BlackElo "1649"]
[Result "1-0"]
[Round "1"]
1.e4 e5
2.Ng1f3 Nb8c6
3.Bf1b5 a6
4.Bb5xc6 dxc6
5.d4 exd4
6.Qd1xd4 Qd8xd4
7.Nf3xd4 Bc8d7
8.Nb1c3 O-O-O
9.Nd4e2 Bf8b4
10.Bc1d2 Bd7e6
11.O-O-O Ng8f6
12.f3 h5
13.a3 Bb4a5
14.Bd2e3 h4
15.b4 Ba5b6
16.Be3xb6 cxb6
17.Ne2d4 Be6c4
18.Nd4f5 g6
19.Nf5d6 { resign }
1-0

[Event "Tourn. n9120"]
[Site "www.chess-mail.com"]
[Date "2017.01.05"]
[Round "1"]
[White "Caspito"]
[Black "Albertf"]
[WhiteElo "1880"]
[BlackElo "1790"]
[Result "1-0"]
[Round "1"]
1.e4 e5
2.Ng1f3 Nb8c6
3.Bf1c4 Nc6d4
4.Bc4xf7 Kxf7
5.Nf3xd4 exd4
6.Qd1h5 g6
7.Qh5d5 Ke8
8.Qd5xd4 Qd8f6
9.e5 Qf6e7
10.O-O b6
11.Rf1e1 Bf8g7
12.d3 Bc8b7
13.Nb1c3 Qe7c5
14.Qd4xc5 bxc5
15.Bc1f4 Ng8e7
16.e6 Bg7xc3
17.bxc3 Kd8
18.a4 Rh8e8
19.Bf4g5 Kc8
20.d4 cxd4
21.Ra1b1 Bb7d5
22.exd7 Kxd7
23.cxd4 Ne7f5
24.c3 h6
25.Bg5f6 Re8f8
26.Bf6e5 Nf5h4
27.Rb1b5 c6
28.Rb5b7 Kc8
29.Rb7c7 Kd8
30.Rc7h7 h5
31.Be5d6 Rf8g8
32.Re1e7 { resign }
1-0

[Event "Tourn. n9127"]
[Site "www.chess-mail.com"]
[Date "2017.01.05"]
[Round "1"]
[White "Greghghs"]
[Black "Rons"]
[WhiteElo "2340"]
[BlackElo "2560"]
[Result "1/2-1/2"]
[Round "1"]
1.d4 Ng8f6
2.c4 e6
3.Ng1f3 b6
4.g3 Bc8a6
5.b3 Bf8b4
6.Bc1d2 Bb4e7
7.Bf1g2 c6
8.Bd2c3 d5
9.Nf3e5 Nf6d7
10.Ne5xd7 Nb8xd7
11.Nb1d2 O-O
12.O-O Ra8c8
13.e4 c5
14.exd5 exd5
15.dxc5 dxc4
16.c6 cxb3
17.Rf1e1 b2
18.Bc3xb2 Nd7c5
19.Bb2a3 Be7f6
20.Ba3xc5 bxc5
21.Ra1c1 Ba6b5
22.Rc1xc5 Qd8b6
23.Nd2e4 Rc8xc6
24.Rc5xc6 Qb6xc6
25.a4 Bb5a6
26.Ne4xf6 { draw }
1/2-1/2

[Event "Tourn. n9133"]
[Site "www.chess-mail.com"]
[Date "2017.01.05"]
[Round "1"]
[White "Luban"]
[Black "Falcoale"]
[WhiteElo "2060"]
[BlackElo "1890"]
[Result "1-0"]
[Round "1"]
1.d4 Ng8f6
2.c4 e6
3.e3 b6
4.Ng1f3 Bc8b7
5.Nb1c3 d6
6.Bf1d3 Nb8d7
7.O-O c5
8.h3 cxd4
9.exd4 Bf8e7
10.Rf1e1 O-O
11.Bc1e3 a6
12.Qd1c2 Bb7xf3
13.gxf3 h6
14.Kh2 Ra8c8
15.Re1g1 Qd8c7
16.Be3xh6 d5
17.Kh1 g6
18.Bd3xg6 Qc7xc4
19.Bg6xf7 Kh8
20.Bh6g7 { resign }
1-0